| 000 | 01068nam a2200289 i 4500 | ||
|---|---|---|---|
| 001 | bgj | ||
| 100 | 1 | _aPARKMAN, Francis. | |
| 245 | 1 | 0 |
_aFrance and England in North America. _cFrancis Parkman ; [ed. by] David Levin. _nVol. 2. |
| 250 | _a[4th print.]. | ||
| 260 |
_aNew York : _bLiterary Classics of the United States, _cc. 1983. |
||
| 300 |
_a1620 pp : _bmaps, portr. ; _c21 cm. |
||
| 490 | 1 |
_aThe Library of America ; _v16 |
|
| 505 | _aContents : Count Frontenac and New France under Louis XIV ; A half-century of conflict ; Montcalm and Wolfe. | ||
| 505 | _aIncludes bibliographical references and index. | ||
| 651 | 9 |
_aCanada _xHistory _yTo 1763 |(New France) |
|
| 700 | 1 |
_aLEVIN, David. _eed. |
|
| 740 | 0 | 2 | _aCount Frontenac and New France under Louis XIV |
| 740 | 0 | 2 | _aA half-century of conflict |
| 740 | 0 | 2 | _aMontcalm and Wolfe |
| 830 | _aThe Library of America ; | ||
| 020 | _a0940450119 (hbk, jacket) | ||
| 040 | _cBPK | ||
| 041 | 0 | _aeng | |
| 920 | _a0-940450-11-9 (hbk, jacket) | ||
| 942 | _cKS | ||
| 008 | s uk f |000 0 eng | ||
| 999 |
_c47233 _d47233 |
||
| 856 |
_uhttp://koha.tu.koszalin.pl/cgi-bin/koha/opac-detail.pl?biblionumber=47233 _yKatalog online BPK |
||